000 00273nam a2200121Ia 4500
008 190216s9999||||xx |||||||||||||| ||und||
100 _aDr.Vilassarang
245 0 _aHindi-Yenki Ke Rajyamem
260 _bNavaroop Sahithy
300 _a192
650 _aHindi
942 _cBK
999 _c16673
_d16673